Dynamic analysis of open economies

Na minha lista:
Detalhes bibliográficos
Autor principal: Aoki, Masanao
Formato: Livro
Idioma:inglês
Publicado em: New York Academic Press 1981
Tags: Adicionar Tag
Sem tags, seja o primeiro a adicionar uma tag!

MARC

LEADER 00000nam a2200000 4500
001 c126367
005 20041019155237.8
041 0 |a eng 
044 |a US 
245 1 0 |a Dynamic analysis of open economies 
264 1 |a New York  |b Academic Press  |c 1981 
300 |a 341 s. 
100 1 |a Aoki, Masanao